=LDR 00000nam 2200000 4500 =001 INLIS000000000021822 =005 20240223075329 =035 ##$$a 0010-061300000021822 =008 240223###########################0###### =041 ##$$a Ind =082 ##$$a 363.4 =090 ##$$a 176.5, Kun o =100 ##$$a Kuncoro =245 1#$$a On the spot : $b Tutur dari sarang pelacur /$c Kuncoro =260 ##$$a Yogyakarta :$b TINTA,$c 2004 =300 ##$$a xxxii,339 hlm ; $c 20 cm =650 #4$$a Etika Seksual =850 ##$$a NBPNMAT =020 ##$$a 979-9440-78-5 =084 ##$$a 363.4 KUN o =990 ##$$a 10406065